Países y sus capitales - Muerte súbita - Estadísticas

Estadísticas generales
  • Esta prueba ha sido intentada 1.694 veces
  • La puntuación promedio es 6 de 15
Answers on the Grid
Answers color-coded by a green-red scale on the quiz's grid according to % correct below.
España - Madrid
Alemania - Múnich
India - Bombay
Tanzania - Dar es-Salam
Burundi - Gitega
Marruecos - Casablanca
Italia - Milán
Pakistán - Karachi
Australia - Canberra
Namibia - Windhoek
Brasil - São Paulo
Canadá - Ottawa
Emiratos Árabes Unidos - Dubái
Nigeria - Lagos
Ghana - Acra
Kirguistán - Biskek
Suiza - Berna
Fiyi - Suva
Turquía - Estambul
Estados Unidos - Washington
Uruguay - Montevideo
Zambia - Lusaka
Omán - Saná
Nauru - Tarawa
Corea del Sur - Seúl
Armenia - Tiflis
Benín - Lomé
Eritrea - Asmara
Guatemala - Managua
Laos - Vientián
 
Estadísticas de respuestas
Respuesta % Correcto
España - Madrid
65%
Corea del Sur - Seúl
58%
Suiza - Berna
57%
Canadá - Ottawa
56%
Uruguay - Montevideo
56%
Estados Unidos - Washington
55%
Australia - Canberra
52%
Ghana - Acra
37%
Laos - Vientián
33%
Kirguistán - Biskek
31%
Fiyi - Suva
29%
Namibia - Windhoek
27%
Zambia - Lusaka
25%
Eritrea - Asmara
24%
Burundi - Gitega
20%
No se encontraron pruebas coincidentes
Distribución de puntuación
Porcentaje de gente con cada puntuación
Porcentaje por número respondido
Historial de tus puntuaciones
No has intentado esta prueba.